Bilecik Bilecik Bilecik Bilecik Bilecik

Otto ve dizel motorları : (Record no. 795)

MARC details
000 -BAŞLIK
Sabit Uzunluktaki Kontrol Alanı 01078nam a22003017a 4500
001 - KONTROL NUMARASI
Control Dosyası 0000799
003 - KONTROL NUMARASI KİMLİĞİ
Kontrol Alanı KOHA_MİRAKIL
005 - EN SON İŞLEM TARİHİ ve ZAMANI
Kontrol Alanı 20260207001220.0
007 - FİZİKSEL TANIM SABİT ALAN - GENEL BİLGİ
Sabit uzunluklu kontrol alanı ta
008 - SABİT UZUNLUKTAKİ VERİ ÖGELERİ - GENEL BİLGİ
Sabit Alan 081212b1999 tu |||gr||||#||||0|tur |
020 ## - ISBN - ULUSLARARASI STANDART KİTAP NUMARASI
Kullanılabilirlik koşulları YTL18,690000000000001
040 ## - KATALOGLAMA KAYNAĞI
Özgün Kataloglama Kurumu TR-BiSEU
Kataloglama Dili tur
Çeviri Kurumu TR-BiSEU
Açıklama Kuralları rda
041 0# - DİL KODU
Metin ya da ses kaydının dil kodu tur
044 ## - YAYINLAYAN/ÜRETEN KURULUŞUN ÜLKE KODU
ISO country code tu
050 ## - SINIFLAMA ve YER NUMARASI
Sınıflama Numarası TJ755
Yer Numarası .G76 1999
100 1# - KİŞİ ADI
Yazar Adı (Kişi adı) Grohe, Heinz.
245 1# - ESER ADI BİLDİRİMİ
Başlık Otto ve dizel motorları :
Alt Eseradı vb. iki ve dört zamanlı termik motorların çalışma prensipleri, konstrüksiyon ve hesaplamaları /
Sorumluluk Bildirimi Heinz Grohe ; Heinz Grohe; çeviren Battal Kuşhan.
250 ## - BASIM BİLDİRİMİ
Basım Bildirimi 8. bs.
264 #1 - ÜRERİM, YAYIN, DAĞITIM ve TELİF BİLDİRİMİ
Yayın yeri İstanbul :
Yayınlayan Bilim Teknik Yayınları
Yayın tarihi 1999
300 ## - FİZİKSEL TANIMLAMA
Sayfa, Cilt vb. 271 sayfa
336 ## - İÇERİK TÜRÜ
Content type term metin
Content type code txt
Source rdacontent
337 ## - MEDYA TÜRÜ
Media type term aracısız
Media type code n
Source rdamedia
338 ## - TAŞIYICI TÜRÜ
Carrier type term cilt
Carrier type code nc
Source rdacarrier
650 #0 - KONU BAŞLIĞI EK GİRİŞ - KONU TERİMİ
Konusal terim veya coğrafi ad Dört zamanlı çevrimli motorlar--Tasarım ve konstrüksiyon.
9 (RLIN) 3328
650 #0 - KONU BAŞLIĞI EK GİRİŞ - KONU TERİMİ
Konusal terim veya coğrafi ad İçten yanmalı motorlar--Tasarım ve konstrüksiyon.
9 (RLIN) 3329
650 #0 - KONU BAŞLIĞI EK GİRİŞ - KONU TERİMİ
Konusal terim veya coğrafi ad İki zamanlı çevrimli motorlar--Tasarım ve konstrüksiyon.
9 (RLIN) 3330
942 ## - EK GİRİŞ ÖGELERİ (KOHA)
Source of classification or shelving scheme Library of Congress Classification
Koha item type Book
Holdings
Materyal Türü Kalıcı Konum Mevcut Konum Raf Yeri Sınıflandırma Kaynağı Edinim Bilgisi Ana Konular Alt Konular Yer Numarası Demirbaş Numarası Fatura Tarihi Maliyet, Alış Fiyatı Maliyet, Yenileme Fiyatı Geri Çekilme Durumu Kayıp Durumu Hasarlı Durumu Kredi için değil Kayıt Tarih Toplam Ödünçverme Son Görülme Tarihi Son Kontrol Tarihi
Book Prof. Dr. Azmi Özcan Kütüphanesi Prof. Dr. Azmi Özcan Kütüphanesi Birûni Salonu Library of Congress Classification Satın TEKNOLOJİ Makine Mühendisliği ve Makineler TJ755 .G76 1999 0000799 12/12/2008 20.19 20.19         12/12/2008 6 05/12/2024 05/12/2024